Disney's beasuty and the beast / (Record no. 7591)

MARC details
000 -LEADER
fixed length control field 01028nam a22002897a 4500
001 - CONTROL NUMBER
control field 7591
003 - CONTROL NUMBER IDENTIFIER
control field FISKH
005 - DATE AND TIME OF LATEST TRANSACTION
control field 20250725094404.0
008 - FIXED-LENGTH DATA ELEMENTS--GENERAL INFORMATION
fixed length control field 250725b cb ||||| |||| 00| 0 eng d
020 ## - INTERNATIONAL STANDARD BOOK NUMBER
International Standard Book Number 033500711008
040 ## - CATALOGING SOURCE
Original cataloging agency FISKH
Language of cataloging eng
Transcribing agency FISKH
Modifying agency FISKH
050 ## - LIBRARY OF CONGRESS CALL NUMBER
Classification number PZ8.S378 D
082 ## - DEWEY DECIMAL CLASSIFICATION NUMBER
Classification number 398.21
100 ## - MAIN ENTRY--PERSONAL NAME
Personal name Slater, Teddy
245 ## - TITLE STATEMENT
Title Disney's beasuty and the beast /
Statement of responsibility, etc. Adapted by Teddy Slater; Illustrator by Ric Gonzalez and Ron Dias
260 ## - PUBLICATION, DISTRIBUTION, ETC.
Place of publication, distribution, etc. New York :
Name of publisher, distributor, etc. Western Publishing Company,
Date of publication, distribution, etc. 1991.
300 ## - PHYSICAL DESCRIPTION
Extent 24 unnumbered pages :
Other physical details color illustrations ;
Dimensions 21 cm
505 ## - FORMATTED CONTENTS NOTE
Formatted contents note J<br/>
520 ## - SUMMARY, ETC.
Summary, etc. Come be our guest in the Beast's castle where teapots talk, spoons dance, and beautiful Belle discovers that things are never quite as they seem.
521 8# - TARGET AUDIENCE NOTE
Target audience note 430<br/>
Source Lexile estimate<br/>
521 8# - TARGET AUDIENCE NOTE
Target audience note J<br/>
Source Raz-Plus<br/>
650 ## - SUBJECT ADDED ENTRY--TOPICAL TERM
Topical term or geographic name entry element Fairy Tales
Form subdivision Children's Literature
General subdivision Walt Disney
700 ## - ADDED ENTRY--PERSONAL NAME
Personal name Ric Gonzalez
Relator term illustrator
700 ## - ADDED ENTRY--PERSONAL NAME
Personal name Dias, Ron
Relator term illustrator
942 ## - ADDED ENTRY ELEMENTS (KOHA)
Source of classification or shelving scheme Dewey Decimal Classification
Koha item type Books
Suppress in OPAC No
Holdings
Withdrawn status Lost status Source of classification or shelving scheme Damaged status Not for loan Collection Home library Current library Shelving location Date acquired Total Checkouts Full call number Barcode Date last seen Copy number Price effective from Koha item type
    Dewey Decimal Classification     Juvenile Fiction Footprints International School Library Network Toul Kork Campus Footprints International School Library Network Toul Kork Campus TK Old Khmer Books (Rear Hallway Shelf 3) 07/25/2025   SLA 398.21 PZ8.S378 D FISBK00191 07/25/2025 1 07/25/2025 Books